000 01789nam a2200241Ia 4500
003 Ost
005 20260507075006.0
008 260507s9999||||xx |||||||||||||| ||und||
020 _a9772121042
040 _cfsecg
041 _aara
082 _a339
100 _aمصطفى، احمد فريد
_eمؤلف
245 0 _aالتحليل الاقتصادي الكلي :
_bأساسيات -تطبيقات-حلول التمارين /
_c احمد فريد مصطفى
260 _aالاسكندرية:
_bمؤسسة شباب الجامعة,
_c2008
300 _a310 صفحة؛
_bإيضاحات ؛
_c24 سم
504 _aبيبليوغرافيا: ص.309
520 _aالجزء الاول أدوات التحليل الاقتصادي الكلي دالة الانتاج الكلى ، دالة الاستهلاك والمضاعف ،دالة الاستثمار الجزء الثاني . تحديد المستوى التوازني للاقتصاد الكلي الطلب الكلى والعلرض الكلى ، حساب الدخل القومي الجزء الثالث تحديد المستوى التوازني للاقتصاد الكلي مكونات الطلب الكلي ، الناتج المحلي والدخل الشخصي المتاح ، النموذج الكلاسيكي والتوازن الاقتصادي الكلي ، النموذج الكنزي والتوازن الاقتصادي الكلي ، الانفاق الحكومي والمستوى التوازني للاقتصاد الكلي ، العلاقات الدولية الوازن الاقتصادي الكلي الجزء الرابع تمارين وحلولها
653 _aالإقتصاد التحليلي
653 _aالإقتصاد الكلي
653 _aالدخل القومي
942 _cكتاب
999 _c42111
_d42111